Essays on bibliography (Record no. 13724)

MARC details
000 -LEADER
fixed length control field 00216nam a2200097Ia 4500
082 ## - DEWEY DECIMAL CLASSIFICATION NUMBER
Classification number RR 010 BRE
245 #0 - TITLE STATEMENT
Title Essays on bibliography
260 ## - PUBLICATION, DISTRIBUTION, ETC. (IMPRINT)
Place of publication Metuchen
Name of publisher Scarecrow, N.J.
Year of publication 1975
300 ## - PHYSICAL DESCRIPTION
Number of Pages viii, 552p.
942 ## - ADDED ENTRY ELEMENTS (KOHA)
Koha item type Books
Holdings
Withdrawn status Lost status Damaged status Not for loan Home library Current library Date acquired Full call number Accession Number Price effective from Koha item type
        NASSDOC Library NASSDOC Library 08/10/2004 RR 010 BRE 9280 18/04/2019 Books